000 00449nam a2200169 a 4500
001 6363
003 CO-ViMGA
008 141112s2004 ck r 000 u spa d
040 _aCO-ViMGA
_bspa
_cCO-ViMGA
082 0 4 _a796.3346 V152
100 1 _aValdericeda, Francisco
_95087
245 1 0 _aFutbol sala :
_bdefensa - ataque estrategias
260 _aMadrid :
_bGymnos,
_c1994
300 _a202 p : il
650 1 4 _aFUTBOL SALA
_95088
942 _2ddc
_cBK
999 _c18333
_d18333